[Event "AUTO-INT-3586"]
[Site "http://www.queenalice.com/game.php?id=1628814"]
[Date "2020.10.2"]
[Round "1"]
[White "papyrusmoon"]
[Black "Danado"]
[Result "0-1"]
[WhiteElo "1436"]
[BlackElo "1559"]

1. e4 e5 2. Nf3 Nf6 3. d4 exd4 4. Qxd4 Nc6 5. Qd1 Bc5 6. Bc4 h6 7. O-O Nxe4 8.
Qd5 Nd6 9. Bf4 Nb4 10. Qxc5 Nc6 11. Nbd2 b6 12. Qe3+ Ne7 13. Ne5 O-O 14. Qf3 Bb7
15. Qg4 g5 16. Bg3 Nxc4 17. Ndxc4 f5 18. Qh5 Kh7 19. Rad1 Bd5 20. Ne3 Be6 21.
Nd5 Bxd5 22. c4 Be6 23. f4 g4 24. Bh4 Qe8 25. Ng6 Qxg6 26. Qxg6+ Nxg6 27. Bg3 d6
28. b3 a6 29. a3 Rfd8 30. Rfe1 Nf8 31. a4 d5 32. Bh4 Rd6 33. Be7 Rad8 34. Bxd6
Rxd6 35. g3 c6 36. b4 Ng6 37. h4 gxh3 38. Kh2 Bg8 39. Kxh3 d4 40. c5 bxc5 41.
bxc5 Rd8 42. Rb1 a5 43. Rb6 d3 44. Rxc6 d2 45. Rd1 Bb3 46. Rc7+ Kg8 47. c6 Bxd1
48. Ra7 Bxa4 49. Rd7 Rxd7 50. cxd7 Bxd7 0-1

[Event "AUTO-INT-3591"]
[Site "http://www.queenalice.com/game.php?id=1629965"]
[Date "2020.10.15"]
[Round "1"]
[White "Jackzapo"]
[Black "papyrusmoon"]
[Result "1-0"]
[WhiteElo "1788"]
[BlackElo "1375"]

1. e4 e5 2. Nf3 d5 3. Nxe5 dxe4 4. Qe2 Nf6 5. Nc3 g6 6. d3 Bg7 7. Bg5 O-O 8.
Nxe4 Qd5 9. Nxf6+ Bxf6 10. Bxf6 Nc6 11. Nxc6 Qxc6 12. Bg5 Qb5 13. Bh6 Re8 14.
Be3 Qxb2 15. Rd1 Qxa2 16. g3 Qd5 17. Rg1 b6 18. Bg2 Qa5+ 19. Kf1 Rb8 20. Qf3 Qa2
21. Qc6 Bg4 22. Re1 Rbc8 23. f3 Be6 24. Qc3 a5 25. Bh6 f6 26. Qxf6 Qb2 27. Qxb2
Re7 28. Rxe6 Rxe6 29. Qg7# 1-0

[Event "AUTO-INT-3591"]
[Site "http://www.queenalice.com/game.php?id=1629966"]
[Date "2020.10.15"]
[Round "1"]
[White "papyrusmoon"]
[Black "Jackzapo"]
[Result "0-1"]
[WhiteElo "1333"]
[BlackElo "1840"]

1. e4 c5 2. d4 cxd4 3. Qxd4 Nc6 4. Qd5 Nf6 5. Qd3 Qc7 6. Nc3 a6 7. Nf3 d6 8. g3
Bg4 9. Bg2 Nb4 10. Qd4 Nxc2+ 11. Kd1 Nxd4 12. Be3 Nxf3 13. h3 Nh4+ 14. f3 Bxf3+
15. Bxf3 Nxf3 16. Rc1 g6 17. Nd5 Qa5 18. a3 Nxd5 19. Rf1 Nxe3+ 20. Ke2 Nxf1 21.
Rxf1 Ng5 22. Ke3 Rc8 23. h4 Rc2 24. b4 Qxa3+ 25. Kf4 Ne6+ 26. Kg4 Qxb4 27. Kf3
Rc3+ 28. Kg4 Qxe4+ 29. Kh3 h5 30. Kh2 Qg4 31. Rg1 Rc2+ 32. Rg2 Rxg2+ 33. Kxg2
Bg7 34. Kh2 Be5 35. Kg2 Qxg3+ 0-1

[Event "AUTO-INT-3591"]
[Site "http://www.queenalice.com/game.php?id=1629979"]
[Date "2020.10.15"]
[Round "1"]
[White "balu"]
[Black "papyrusmoon"]
[Result "1-0"]
[WhiteElo "1768"]
[BlackElo "1345"]

1. e4 e5 2. Nf3 Nc6 3. Bc4 Nf6 4. Nc3 d5 5. exd5 Nd4 6. Nxd4 Bg4 7. f3 Bh5 8. d3
Bc5 9. Nf5 O-O 10. Be3 Bxe3 11. Nxe3 a6 12. O-O b5 13. Bb3 Qd7 14. Qe2 c6 15.
dxc6 Qxc6 16. Ncd5 Nd7 17. Ne7+ Kh8 18. Nxc6 a5 19. Bd5 Nf6 20. Be4 Rac8 21.
Nxa5 Nxe4 22. dxe4 Ra8 23. Qxb5 f6 24. b4 Be8 25. Qc5 Bf7 26. Nec4 Rac8 27. Nc6
Rfe8 28. Nd6 h5 29. Nxe8 Bxe8 30. b5 g6 31. Qe7 Bxc6 32. Qxf6+ Kh7 33. bxc6 Kh6
34. h4 Kh7 35. Rad1 Re8 36. Rd7+ Kg8 37. Qg7# 1-0

[Event "AUTO-INT-3591"]
[Site "http://www.queenalice.com/game.php?id=1629980"]
[Date "2020.10.15"]
[Round "1"]
[White "papyrusmoon"]
[Black "balu"]
[Result "0-1"]
[WhiteElo "1377"]
[BlackElo "1751"]

1. e4 e5 2. Nf3 Nc6 3. d4 Bd6 4. Nc3 Nf6 5. g3 exd4 6. Nxd4 Bb4 7. Bg2 O-O 8.
O-O Bxc3 9. bxc3 Nxd4 10. cxd4 d6 11. c3 c6 12. a4 a5 13. Bg5 h6 14. Bf4 Be6 15.
e5 dxe5 16. Be3 Bd5 17. Qb1 Bxg2 18. Re1 Bh3 19. Qxb7 Qc8 20. Qe7 Qf5 21. Qc5
Qf3 0-1

[Event "AUTO-INT-3591"]
[Site "http://www.queenalice.com/game.php?id=1629988"]
[Date "2020.10.15"]
[Round "1"]
[White "papyrusmoon"]
[Black "Paulojunior76"]
[Result "0-1"]
[WhiteElo "1326"]
[BlackElo "1342"]

1. e4 c5 2. d4 cxd4 3. Qxd4 Nc6 4. Qd5 Nf6 5. Qd1 Nxe4 6. Nc3 f5 7. Nxe4 fxe4 8.
Bf4 e5 9. Bg3 d5 10. Bb5 Qa5+ 0-1

[Event "AUTO-INT-3594"]
[Site "http://www.queenalice.com/game.php?id=1630886"]
[Date "2020.10.25"]
[Round "1"]
[White "papyrusmoon"]
[Black "Doctor"]
[Result "1-0"]
[WhiteElo "1394"]
[BlackElo "1620"]

1. e4 c5 2. d4 cxd4 3. Qxd4 Nc6 4. Qd1 d6 5. Bc4 Nf6 6. Nc3 e5 7. Nf3 h6 8. Nb5
Nxe4 9. Qd5 Qa5+ 10. c3 Be6 11. Qxe4 Bxc4 12. Qxc4 Be7 13. O-O a6 14. Na3 1-0

[Event "AUTO-INT-3594"]
[Site "http://www.queenalice.com/game.php?id=1630900"]
[Date "2020.10.25"]
[Round "1"]
[White "papyrusmoon"]
[Black "IMONTELO"]
[Result "0-1"]
[WhiteElo "1400"]
[BlackElo "1668"]

1. e4 e5 2. Nf3 Nc6 3. d4 f6 4. dxe5 fxe5 5. Bg5 Be7 6. Nc3 Bxg5 7. Nxg5 Qxg5 8.
Nd5 Kd8 9. f3 Nf6 10. Bc4 Qxg2 11. Rf1 Nd4 12. Bd3 Qxh2 13. c3 Nxd5 14. exd5
Qh4+ 15. Kd2 Qh6+ 16. Ke1 Qe3+ 17. Be2 Nf5 18. Qc2 d6 19. b3 Ng3 20. Rf2 Bf5 21.
Qd1 Qxc3+ 22. Qd2 Qxa1+ 23. Qd1 Qxa2 24. Qd2 Qxb3 25. Rg2 Nh5 26. f4 Nxf4 27.
Rf2 Qg3 28. Kf1 Bh3+ 29. Ke1 Qg1+ 30. Bf1 Ng2+ 31. Ke2 Nf4+ 32. Ke1 Bxf1 33.
Rxf1 Qg3+ 34. Rf2 Rf8 35. Kf1 Qd3+ 36. Ke1 Qb1+ 37. Qd1 Nd3+ 0-1

[Event "AUTO-INT-3594"]
[Site "http://www.queenalice.com/game.php?id=1630909"]
[Date "2020.10.25"]
[Round "1"]
[White "papyrusmoon"]
[Black "Givanildo"]
[Result "0-1"]
[WhiteElo "1400"]
[BlackElo "1641"]

1. e4 d5 2. Nc3 dxe4 3. Nxe4 Bf5 4. Nc5 Qd5 5. b4 Qe5+ 6. Be2 Qxa1 7. Nxb7 Be4
8. d3 Bxb7 9. d4 Bxg2 10. Bg4 Bxh1 11. Nf3 Qc3+ 12. Bd2 Qc6 13. Ne5 Qe4+ 14. Be3
e6 15. f3 Bxb4+ 16. Kf1 Qb7 17. Kg1 h5 18. Bh3 Bxf3 19. Qxf3 c6 20. Bg5 Bc3 21.
Nxf7 Bxd4+ 22. Kf1 Qb1+ 23. Ke2 Qxc2+ 24. Ke1 Bc3+ 25. Kf1 Qb1+ 26. Ke2 Qxa2+
27. Kd3 Nf6 28. Nd6+ Kd7 29. Nf7 Na6 30. Kxc3 Qa3+ 0-1

[Event "AUTO-INT-3594"]
[Site "http://www.queenalice.com/game.php?id=1630910"]
[Date "2020.10.25"]
[Round "1"]
[White "Givanildo"]
[Black "papyrusmoon"]
[Result "1-0"]
[WhiteElo "1634"]
[BlackElo "1415"]

1. d4 d5 2. Bf4 Nc6 3. e3 e6 4. Bb5 Bb4+ 5. c3 Ba5 6. a3 Nf6 7. h3 Ne4 8. b4 Bb6
9. Ne2 O-O 10. Bxc6 bxc6 11. a4 a5 12. b5 cxb5 13. axb5 Bd7 14. O-O Bxb5 15. Nd2
c5 16. dxc5 Bxc5 17. c4 dxc4 18. Nxe4 Qe7 19. Nxc5 Qxc5 20. Bd6 Qg5 21. Bxf8
Kxf8 22. f4 Qc5 23. Nd4 c3 24. Nxb5 Qxb5 25. Rb1 Qc4 26. Qd6+ Ke8 27. Rb7 Qb4
28. Qd7+ Kf8 29. Qxf7# 1-0

[Event "AUTO-INT-3597"]
[Site "http://www.queenalice.com/game.php?id=1631663"]
[Date "2020.11.2"]
[Round "1"]
[White "Carlos19"]
[Black "papyrusmoon"]
[Result "1-0"]
[WhiteElo "1338"]
[BlackElo "1419"]

1. e4 e5 2. Bc4 Nc6 3. Nf3 Nf6 4. d3 d5 5. exd5 Nxd5 6. Nxe5 Qd6 7. Bxd5 Qxe5+
8. Be4 Bb4+ 9. Bd2 Bc5 10. O-O O-O 11. Qe1 Qxb2 12. Nc3 Qxc2 13. Bxc6 bxc6 14.
Qe2 Bf5 15. h3 Rae8 16. Qd1 Qxd3 17. Qf3 Qxd2 18. Qxf5 Bb4 19. Ne4 Qd3 20. Rfe1
Qd4 21. Rad1 Qb2 22. Re3 Qc2 23. Rd7 Qb1+ 24. Kh2 Bd2 25. Rxd2 g6 26. Qg4 Qc1
27. Rd1 Qb2 28. Qh4 Qxa2 29. Ng5 h5 30. Rc3 Re2 31. Rf3 Qc2 32. Rd7 Qb2 33. g4
Qe5+ 34. Kg2 f6 35. Nh7 Re8 36. Nxf6+ Kf8 37. Nxh5+ Kg8 38. Nf6+ Kf8 39. Qh8#
1-0

[Event "AUTO-INT-3597"]
[Site "http://www.queenalice.com/game.php?id=1631664"]
[Date "2020.11.2"]
[Round "1"]
[White "papyrusmoon"]
[Black "Carlos19"]
[Result "0-1"]
[WhiteElo "1390"]
[BlackElo "1459"]

1. e4 e5 2. d4 Bd6 3. Nf3 exd4 4. Nxd4 c5 5. Nf5 Be5 6. Nc3 Kf8 7. Bb5 Nc6 8.
Nd5 Nf6 9. f3 a6 10. Bc4 b5 11. Be2 d6 12. Qd2 Bb7 13. Qg5 h6 14. Qxg7+ Ke8 15.
Qxh8+ Kd7 16. Nxf6+ Bxf6 17. Qxh6 Nd4 18. Nxd4 cxd4 19. Qd2 Qc8 20. Qb4 Qxc2 21.
Qa5 Bc6 22. Qb4 d3 23. Bxd3 Qxg2 24. Rf1 Qxh2 25. Rf2 Qg1+ 26. Ke2 Bh4 27. Rf1
Qg2+ 28. Ke3 Bg5+ 29. f4 Bh6 30. Rf2 Qg4 31. Be2 Qh4 32. b3 Re8 33. Bb2 f5 34.
e5 Bf8 35. Rd1 Qh3+ 36. Kd2 dxe5 37. Qa5 Bc5 38. Kc1+ Bd4 39. Qxa6 Qe3+ 40. Kc2
Be4+ 41. Bd3 Bxd3+ 42. Rxd3 Qxf2+ 43. Kc1 Qxb2+ 44. Kd1 Qb1+ 45. Ke2 exf4+ 46.
Kf3 Qxd3+ 47. Kg2 Rg8+ 48. Kh2 Qg3+ 0-1

[Event "AUTO-INT-3597"]
[Site "http://www.queenalice.com/game.php?id=1631681"]
[Date "2020.11.2"]
[Round "1"]
[White "papyrusmoon"]
[Black "Bigchess"]
[Result "0-1"]
[WhiteElo "1370"]
[BlackElo "1797"]

1. e4 Nf6 2. Nc3 d6 3. d4 e6 4. Bb5+ c6 5. Bc4 b5 6. Bb3 a5 7. a4 b4 8. Nce2
Nxe4 9. Nf3 d5 10. Ne5 Qf6 11. O-O Be7 12. Nf4 g5 13. Nh5 Qh6 14. c3 Nd7 15.
Nxc6 bxc3 16. bxc3 Nxc3 17. Qf3 Ne4 18. Bc2 Ndf6 19. Nxf6+ Qxf6 20. Qe2 Ba6 21.
Bd3 Bxd3 22. Qxd3 h6 23. Qb5 O-O 24. Qb7 Bb4 25. Nxb4 axb4 26. Rb1 Qxd4 27. Rxb4
Qe5 28. Bb2 Qf5 29. Qb6 Rab8 30. Qd4 f6 31. Ba3 Rxb4 32. Qxb4 Rf7 33. a5 e5 34.
Qb6 Qd7 35. a6 Nc3 36. Rc1 d4 37. g3 Nd5 38. Qc5 Qa7 39. Qxd5 Qxa6 40. Be7 Qa7
41. Bxf6 Qd7 42. Qxe5 d3 43. h4 d2 44. Rd1 Rf8 45. Be7 Re8 46. hxg5 Rxe7 47. Qf6
Re1+ 48. Kg2 Rxd1 49. Qg6+ Qg7 50. Qe8+ Qf8 51. Qe6+ Qf7 52. Qc8+ Qf8 53. Qc4+
Qf7 54. Qc2 Qd5+ 55. f3 Rg1+ 56. Kxg1 d1=Q+ 57. Qxd1 Qxd1+ 58. Kh2 Qe2+ 59. Kh3
Qxf3 60. Kh4 h5 61. Kh3 Qg4+ 62. Kg2 Qxg5 63. Kh3 Qg4+ 64. Kg2 h4 65. Kh2 Qxg3+
0-1

[Event "AUTO-INT-3597"]
[Site "http://www.queenalice.com/game.php?id=1631682"]
[Date "2020.11.2"]
[Round "1"]
[White "Bigchess"]
[Black "papyrusmoon"]
[Result "1-0"]
[WhiteElo "1669"]
[BlackElo "1395"]

1. e4 e5 2. Nf3 Nc6 3. d4 Nf6 4. dxe5 Ng4 5. Bf4 Bb4+ 6. c3 Bc5 7. Nd4 d5 8. Be2
h5 9. f3 Ngxe5 10. a4 Qf6 11. Be3 Qg6 12. Rg1 b6 13. exd5 Ne7 14. Na3 Nxd5 15.
Bb5+ c6 16. Bc4 Nxe3 17. Qe2 Qg5 18. Bb3 Bb7 19. Nc4 Qf4 20. Nxe5 Qxe5 21. Kd2
Qf4 22. Qxe3+ Kf8 23. Qxf4 Be7 24. Qxf7# 1-0

[Event "AUTO-INT-3597"]
[Site "http://www.queenalice.com/game.php?id=1631683"]
[Date "2020.11.2"]
[Round "1"]
[White "papyrusmoon"]
[Black "nuage"]
[Result "0-1"]
[WhiteElo "1311"]
[BlackElo "1593"]

1. e4 e5 2. d4 f6 3. Nf3 g5 4. Nc3 Bb4 5. a3 Bxc3+ 6. bxc3 d6 7. Bc4 Ne7 8. O-O
Bg4 9. d5 h5 10. Bb5+ c6 11. Bc4 Qa5 12. Qd2 Nd7 13. a4 Nc5 14. dxc6 bxc6 15.
Qxd6 Rf8 16. Bd2 Nxe4 17. Qd3 Nc5 18. Qe3 Nb7 19. Bb3 Nc5 20. Bc4 Bf5 21. Bc1 g4
0-1

[Event "AUTO-INT-3597"]
[Site "http://www.queenalice.com/game.php?id=1631684"]
[Date "2020.11.2"]
[Round "1"]
[White "nuage"]
[Black "papyrusmoon"]
[Result "1-0"]
[WhiteElo "1598"]
[BlackElo "1306"]

1. Nf3 d5 2. d3 Nc6 3. g3 e5 4. Bg2 Nf6 5. O-O Bc5 6. Bg5 O-O 7. Nbd2 Bf5 8. c4
b6 9. Rb1 d4 10. Nh4 Qd7 11. a3 Ng4 12. b4 Bd6 13. h3 Nxf2 14. Rxf2 Bg6 15. Qa4
Bh5 16. Ne4 a6 17. Qc2 a5 18. c5 bxc5 19. bxc5 Be7 20. Bxe7 Qxe7 21. Nf5 Qe6 22.
Ng5 1-0

[Event "AUTO-INT-3605"]
[Site "http://www.queenalice.com/game.php?id=1633627"]
[Date "2020.11.20"]
[Round "1"]
[White "papyrusmoon"]
[Black "mackenzista"]
[Result "1-0"]
[WhiteElo "1331"]
[BlackElo "1291"]

1. e4 d5 2. Nc3 Nf6 3. Bb5+ c6 4. Ba4 Bg4 5. Nf3 dxe4 6. O-O Bxf3 7. gxf3 exf3
8. Qxf3 Qd4 9. h3 e5 10. Ne2 Qxa4 11. b3 Qb5 12. Nc3 Qa6 13. a4 b5 14. Ra2 Bc5
15. axb5 Qb6 16. Na4 Qxb5 17. c4 Qa5 18. d3 Nbd7 19. Bd2 Qa6 20. b4 Bd4 21. Be3
Bxe3 22. fxe3 O-O-O 23. Qg3 g6 24. Qh4 h5 25. Rff2 Rde8 26. Nc5 Qb6 27. Ra6 Qxb4
28. Rxc6+ Kb8 29. Na6+ Kb7 30. Nxb4 Re6 31. Ra2 Rxc6 32. Nxc6 Kxc6 33. Rxa7 Re8
34. e4 Re6 35. Ra6+ 1-0

[Event "AUTO-INT-3605"]
[Site "http://www.queenalice.com/game.php?id=1633628"]
[Date "2020.11.20"]
[Round "1"]
[White "mackenzista"]
[Black "papyrusmoon"]
[Result "1-0"]
[WhiteElo "1220"]
[BlackElo "1354"]

1. e4 e5 2. Nf3 Nc6 3. d4 Bb4+ 4. c3 Ba5 5. dxe5 d5 6. exd5 Nce7 7. Bb5+ c6 8.
dxc6 bxc6 9. Ba4 Nf5 10. Bxc6+ Bd7 11. Bxa8 Qxa8 12. O-O Nge7 13. Bg5 Nc6 14.
Qd5 Bb6 15. Rd1 f6 16. Qxd7+ Kf8 17. exf6 gxf6 18. Qxf5 Ne5 19. Nxe5 Bd8 20.
Bxf6 Kg8 21. Rxd8+ Qxd8 22. Qg5+ 1-0

[Event "AUTO-INT-3605"]
[Site "http://www.queenalice.com/game.php?id=1633629"]
[Date "2020.11.20"]
[Round "1"]
[White "papyrusmoon"]
[Black "APSHOOTER"]
[Result "0-1"]
[WhiteElo "1360"]
[BlackElo "1613"]

1. e4 e5 2. Nf3 d6 3. d4 Nf6 4. Bg5 Bg4 5. Nc3 a6 6. Bc4 h6 7. Bh4 Nc6 8. O-O
exd4 9. Nd5 Be6 10. Nxd4 Be7 11. c3 Nxe4 12. Bxe7 Qxe7 13. Nxe7 Bxc4 14. Ne2
Nxe7 15. b3 Nxc3 16. Nxc3 Bxf1 17. Kxf1 O-O 18. Ne4 d5 19. Nc3 c6 20. Qd4 Nf5
21. Qe5 d4 22. Ne4 g6 23. Nf6+ Kh8 24. Ng4+ f6 25. Nxf6 Kg7 26. Qe7+ Nxe7 0-1

[Event "AUTO-INT-3605"]
[Site "http://www.queenalice.com/game.php?id=1633630"]
[Date "2020.11.20"]
[Round "1"]
[White "APSHOOTER"]
[Black "papyrusmoon"]
[Result "1-0"]
[WhiteElo "1622"]
[BlackElo "1366"]

1. e4 e5 2. Bc4 Nf6 3. d3 d5 4. Bb5+ Nc6 5. Nf3 Bb4+ 6. Bd2 O-O 7. Bxc6 bxc6 8.
Bxb4 a5 9. Bxf8 Kxf8 10. Nxe5 Qe7 11. Nxc6 Qd6 12. e5 Qxc6 13. exf6 Qxf6 14. Nc3
d4 15. Ne4 Qf4 16. Qh5 g6 17. Qc5+ Kg7 18. Qxd4+ Kf8 19. Qh8+ Ke7 20. Qxh7 Bf5
21. Qg7 Bxe4 22. O-O Qg4 23. Qe5+ Kd8 24. Qxe4 Qc8 25. Rfe1 c5 26. Qe7# 1-0

[Event "AUTO-INT-3605"]
[Site "http://www.queenalice.com/game.php?id=1633631"]
[Date "2020.11.20"]
[Round "1"]
[White "papyrusmoon"]
[Black "forever"]
[Result "0-1"]
[WhiteElo "1368"]
[BlackElo "1745"]

1. e4 e5 2. Nf3 Nf6 3. d4 exd4 4. Nxd4 d6 5. Nc3 Bd7 6. Bc4 Nc6 7. O-O Ne5 8.
Qe2 Be7 9. Bf4 O-O 10. Nd5 c6 11. Nxe7+ Qxe7 12. c3 b5 13. Bb3 Rfe8 14. Bc2 Ng6
15. b3 Nxf4 16. Qf3 Qe5 17. a3 d5 18. exd5 N6xd5 19. a4 a6 20. Qg3 c5 21. Nf3
Ne2+ 0-1

[Event "AUTO-INT-3605"]
[Site "http://www.queenalice.com/game.php?id=1633632"]
[Date "2020.11.20"]
[Round "1"]
[White "forever"]
[Black "papyrusmoon"]
[Result "1-0"]
[WhiteElo "1698"]
[BlackElo "1373"]

1. d4 d5 2. c4 e5 3. dxe5 Nc6 4. cxd5 Nxe5 5. Nc3 Nf6 6. Bf4 Neg4 7. h3 Nxf2 8.
Kxf2 Bc5+ 9. e3 O-O 10. Bd3 Nxd5 11. Nxd5 Qxd5 12. Bxh7+ Kxh7 13. Qxd5 Bb6 14.
Nf3 c6 15. Qh5+ Kg8 16. g4 g6 17. Qh6 Bd8 18. Ng5 Re8 19. Qh7+ 1-0